00367nam a2200121Ia 4500008004000000020001800040082001500058100004700073245002700120260006000147300001300207650002500220210210b2002 xxu||||| |||| 00| 0 eng d a0 7619 6510 6 a070.1 LIEH aLIEVROUW (Leah A) and LIVINGSTONE (Sonia). aHandbook of new media. aNew Delhi.bSage Publications India Pvt. Limited.c2002 axxiv,564 aMass Media Culture